| 000 | 00364 a2200109 4500 | ||
|---|---|---|---|
| 001 | ART_8588 | ||
| 005 | 20260410161844.0 | ||
| 008 | 260409a | ||
| 245 | 1 | 0 | _aEl financiamiento industrial como instrumento de política tecnológica |
| 100 | 1 | _aSagasti, F. R. | |
| 773 | 0 |
_tEl trimestre económico _g- Vol. XLV, Nº 178 (abr./jun. 1978) _wREV6933 |
|
| 999 |
_c24387 _d24387 |
||